Wszystkie strzelczynie bramek na Mistrzostwach Świata 2023 - Statystyki

Ogólne statystyki
  • Ten quiz został rozwiązany 8 razy
  • Średni wynik to 2 z 100
Statystyki odpowiedzi
Kraj Bramki Zawodniczka % Poprawnych
Australia 1 Sam Kerr
83%
Hiszpania 3 Aitana Bonmatí
33%
Niemcy 4 Alexandra Popp
33%
Szwecja 3 Fridolina Rolfö
17%
Hiszpania 2 Olga Carmona
17%
Hiszpania 2 Salma Paralluelo
17%
Stany Zjednoczone 2 Sophia Smith
17%
Francja 1 Wendie Renard
17%
Kanada 1 Adriana Leon
0%
Australia 1 Alanna Kennedy
0%
Hiszpania 3 Alba Redondo
0%
Anglia 3 Alessia Russo
0%
Jamajka 1 Allyson Swaby
0%
Dania 1 Amalie Vangsgaard
0%
Szwecja 4 Amanda Ilestedt
0%
Maroko 1 Anissa Lahmari
0%
Japonia 1 Aoba Fujino
0%
Włochy 2 Arianna Caruso
0%
Brazylia 3 Ary Borges
0%
Nigeria 1 Asisat Oshoala
0%
Zambia 1 Barbra Banda
0%
Brazylia 1 Bia Zaneratto
0%
Australia 1 Caitlin Foord
0%
Norwegia 1 Caroline Graham Hansen
0%
Kolumbia 2 Catalina Usme
0%
Anglia 1 Chloe Kelly
0%
Korea Południowa 1 Cho So-hyun
0%
Włochy 1 Cristiana Girelli
0%
Holandia 1 Daniëlle van de Donk
0%
Brazylia 1 Debinha
0%
Szwecja 1 Elin Rubensson
0%
Anglia 1 Ella Toone
0%
Australia 1 Emily van Egmond
0%
Holandia 2 Esmee Brugts
0%
Hiszpania 1 Esther González
0%
Francja 3 Eugénie Le Sommer
0%
Szwecja 1 Filippa Angeldal
0%
Portugalia 1 Francisca Nazareth
0%
Anglia 1 Georgia Stanway
0%
Norwegia 2 Guro Reiten
0%
Nowa Zelandia 1 Hannah Wilkinson
0%
Australia 3 Hayley Raso
0%
Japonia 1 Hikaru Naomoto
0%
Republika Południowej Afryki 2 Hildah Magaia
0%
Japonia 5 Hinata Miyazawa
0%
Japonia 1 Honoka Hayashi
0%
Maroko 1 Ibtissam Jraïdi
0%
Hiszpania 3 Jennifer Hermoso
0%
Holandia 4 Jill Roord
0%
Japonia 1 Jun Endō
0%
Francja 4 Kadidiatou Diani
0%
Irlandia 1 Katie McCabe
0%
Holandia 1 Katja Snoeijs
0%
Francja 1 Kenza Dali
0%
Niemcy 1 Klara Bühl
0%
Szwecja 1 Kosovare Asllani
0%
Hiszpania 1 Laia Codina
0%
Anglia 3 Lauren Hemp
0%
Anglia 3 Lauren James
0%
Francja 1 Léa Le Garrec
0%
Niemcy 1 Lea Schüller
0%
Kolumbia 1 Leicy Santos
0%
Holandia 1 Lieke Mertens
0%
Kolumbia 2 Linda Caicedo
0%
Republika Południowej Afryki 1 Linda Motlhalo
0%
Stany Zjednoczone 2 Lindsey Horan
0%
Holandia 1 Lineth Beerensteyn
0%
Panama 1 Lineth Cedeño
0%
Zambia 1 Lushomo Mweemba
0%
Francja 1 Maëlle Lakrar
0%
Kolumbia 1 Manuela Vanegas
0%
Hiszpania 1 Mariona Caldentey
0%
Panama 1 Marta Cox
0%
Australia 1 Mary Fowler
0%
Kostaryka 1 Melissa Herrera
0%
Japonia 2 Mina Tanaka
0%
Nigeria 1 Osinachi Ohale
0%
Dania 1 Pernille Harder
0%
Zambia 1 Racheal Kundananji
0%
Anglia 1 Rachel Daly
0%
Szwajcaria 1 Ramona Bachmann
0%
Szwecja 3 Rebecka Blomqvist
0%
Japonia 2 Riko Ueki
0%
Japonia 1 Risa Shimizu
0%
Argentyna 1 Romina Núñez
0%
Dania 1 Sanne Troelsgaard
0%
Filipiny 1 Sarina Bolden
0%
Szwajcaria 1 Seraina Piubel
0%
Argentyna 1 Sophia Braun
0%
Norwegia 3 Sophie Haug
0%
Holandia 2 Stefanie van der Gragt
0%
Australia 2 Stephanie Catley
0%
Szwecja 1 Stina Blackstenius
0%
Portugalia 1 Telma Encarnação
0%
Hiszpania 1 Teresa Abelleira
0%
Republika Południowej Afryki 2 Thembi Kgatlana
0%
Nigeria 1 Uchenna Kanu
0%
Francja 1 Vicki Bècho
0%
Chiny 2 Wang Shuang
0%
Panama 1 Yomira Pinzón
0%
Nie znaleziono quizów pasujących do podanych kryteriów
Rozkład punktacji
Procent ludzi z każdym wynikiem
Percentyl według liczby udzielonych odpowiedzi
Twoja historia wyników
Nie rozwiązałeś tego quizu